| 000 | 00722cam a2200217 a 4500 | ||
|---|---|---|---|
| 001 | 000006030 | ||
| 005 | 20200929151907.0 | ||
| 008 | 830104s1980 sp ab 000 0 spa | ||
| 020 | _a8485436105 | ||
| 040 |
_aDO-SdBNP _cDLC _dBNPHU |
||
| 043 | _ancgt--- | ||
| 082 |
_a972.81 _bG918f |
||
| 245 | 0 | 0 | _aGuatemala, un futuro próximo. |
| 260 |
_aMadrid : _bIEPALA : _bEspana IDOC, _c[1980]. |
||
| 300 |
_a242 p. : _bil., maps. ; _c21 cm. |
||
| 651 | 4 |
_aGuatemala _xHistoria _93464 |
|
| 651 | 4 |
_aGuatemala _xPolítica Y Gobierno _y1945-1985. _917004 |
|
| 651 | 4 |
_aGuatemala _xCondiciones Sociales _917005 |
|
| 710 | 2 |
_aInstituto de Estudios Políticos para América Latina y Africa. _917006 |
|
| 910 | _aCatalogación derivada / LC | ||
| 999 |
_c5826 _d5826 |
||